ảnh hưởng của thuốc trên xét nghiệm lâm sàng
Enregistré dans:
| Format: | Livre |
|---|---|
| Langue: | Undetermined |
| Publié: |
Tp. HCM
Y học
1989
|
| Sujets: | |
| Tags: |
Ajouter un tag
Pas de tags, Soyez le premier à ajouter un tag!
|
| Thư viện lưu trữ: | Trung tâm Học liệu Trường Đại học Cần Thơ |
|---|
| LEADER | 00475nam a2200157Ia 4500 | ||
|---|---|---|---|
| 001 | CTU_7427 | ||
| 008 | 210402s9999 xx 000 0 und d | ||
| 082 | |a 615.7042 | ||
| 082 | |b Tr561 | ||
| 245 | 0 | |a ảnh hưởng của thuốc trên xét nghiệm lâm sàng | |
| 260 | |a Tp. HCM | ||
| 260 | |b Y học | ||
| 260 | |c 1989 | ||
| 650 | |a chemotherapy,pharmacology | ||
| 904 | |i Nguyễn Huỳnh Mai, 960820 | ||
| 980 | |a Trung tâm Học liệu Trường Đại học Cần Thơ | ||